Looking at literature /

Teachers talk about ways in which stories affects their lives and the lives of their students. They move on to talk about selecting texts, considering age- and interest-appropriateness, text availability, and other issues. Classroom visits punctuate the discussion, showing practical ways to implemen...

Full description

Bibliographic Details
Corporate Authors: Maryland Public Television, Annenberg/CPB
Other Authors: Langer, Judith A.
Format: Video
Language:English
Language Notes:Closed captioned.
Published: South Burlington, Vt. : Annenberg, ©2003.
Series:Engaging with literature : a workshop for teachers, grades 3-5 ; 2.
Subjects:
Online Access:Connect to this streaming video (Alexander Street Press)

MARC

Tag First Indicator Second Indicator Subfields
LEADER 00000cgm a22000003a 4500
001 in00005531270
006 m go m
007 vz czazzu
007 cr cna||||||||
008 070731s2003 vtu057 f o vleng d
005 20241201225150.1
035 |a (OCoLC)ocn159993619 
040 |a MNM  |b eng  |c MNM  |d OCLCQ  |d OCLCO  |d TNH  |d OCLCQ  |d OCLCF  |d OCLCA  |d OCLCQ  |d OCLCO  |d OCL  |d OCLCO 
020 |z 1576806839  |q (series) 
035 |a (OCoLC)159993619 
082 0 4 |a 372.64 
049 |a TXAM 
245 0 0 |a Looking at literature /  |c produced by Maryland Public Television. 
260 |a South Burlington, Vt. :  |b Annenberg,  |c ©2003. 
336 |a two-dimensional moving image  |b tdi  |2 rdacontent 
337 |a computer  |b c  |2 rdamedia 
338 |a online resource  |b cr  |2 rdacarrier 
490 1 |a Engaging with literature : a workshop for teachers, grades 3-5 ;  |v 2 
500 |a Series web site offers lesson plans and links to additional information. 
500 |a Graduate credit video workshop features teachers discussing and demonstrating the philosophy and techniques they employ to guide students in becoming effective and engaged readers of literature. 
511 0 |a Features Dr. Judith Langer. 
516 |a Graphic file (Streaming video; 57 min.). 
520 |a Teachers talk about ways in which stories affects their lives and the lives of their students. They move on to talk about selecting texts, considering age- and interest-appropriateness, text availability, and other issues. Classroom visits punctuate the discussion, showing practical ways to implement the suggestions the teachers discuss. 
521 3 |a Professional. 
538 |a Mode of access: Windows Media Player, World Wide Web. 
546 |a Closed captioned. 
650 0 |a Books and reading. 
650 0 |a Children  |x Books and reading. 
650 0 |a Group reading. 
650 0 |a Literature  |x History and criticism. 
650 0 |a Literature  |x Study and teaching (Elementary) 
650 0 |a Language arts (Elementary) 
650 0 |a Teachers  |x Training of. 
650 0 |a Teachers  |v Interviews. 
650 0 |a Teachers' workshops. 
650 0 |a Professional education. 
650 0 |a Language arts (Primary) 
650 6 |a Livres et lecture. 
650 6 |a Enfants  |x Livres et lecture. 
650 6 |a Lecture de groupe. 
650 6 |a Littérature  |x Histoire et critique. 
650 6 |a Littérature  |x Étude et enseignement (Primaire) 
650 6 |a Arts du langage (Primaire) 
650 6 |a Enseignants  |x Formation. 
650 6 |a Enseignants  |v Entretiens. 
650 6 |a Réunions d'enseignants. 
650 7 |a Language arts (Primary)  |2 fast 
650 7 |a Books and reading  |2 fast 
650 7 |a Children  |x Books and reading  |2 fast 
650 7 |a Group reading  |2 fast 
650 7 |a Language arts (Elementary)  |2 fast 
650 7 |a Literature  |2 fast 
650 7 |a Literature  |x Study and teaching (Elementary)  |2 fast 
650 7 |a Professional education  |2 fast 
650 7 |a Teachers  |2 fast 
650 7 |a Teachers  |x Training of  |2 fast 
650 7 |a Teachers' workshops  |2 fast 
655 0 |a Digital video. 
655 0 |a Streaming multimedia. 
655 7 |a Criticism, interpretation, etc.  |2 fast 
655 7 |a Interviews  |2 fast 
655 7 |a Video recordings for the hearing impaired  |2 fast 
655 7 |a Video recordings for the hearing impaired.  |2 lcgft 
655 7 |a Vidéos pour personnes handicapées auditives.  |2 rvmgf 
700 1 |a Langer, Judith A.  |t Envisioning literature : literary understanding and literature instruction. 
710 2 |a Maryland Public Television. 
710 2 |a Annenberg/CPB. 
830 0 |a Engaging with literature : a workshop for teachers, grades 3-5 ;  |v 2. 
856 4 0 |u http://proxy.library.tamu.edu/login?url=https://www.aspresolver.com/aspresolver.asp?MARC;5451220  |z Connect to this streaming video (Alexander Street Press)  |t 0 
955 |a Alexander Street Press subscription streaming video 
994 |a 92  |b TXA 
999 f f |s 69f9396b-8c9a-496e-8b35-c32189659252  |i 22098b97-5199-4a04-9348-e67e544367ac  |t 0 
952 f f |a Texas A&M University  |b College Station  |c Electronic Resources  |d Available Online  |t 0  |h Library of Congress classification 
998 f f |t 0  |l Available Online